000 01098nam a2200277Ia 4500
003 OSt
005 20220923211429.0
006 a|||||r|||| 00| 0
007 ta
008 220922b |||||||| |||| 00| 0 hin d
020 _a9789326351560 (hbk)
_c460
024 _a277,419
037 _b254, 24/10/2013, Swaraj Prakashan
_cTextual
040 _aARTS
_cARTS
_bhin
041 _2hin
_ahin
082 _aO152,1xN, Q3
100 _aश्रोत्रिय, प्रभाकर
245 0 _aकवि परम्परा
_b तुलसी से त्रिलोचन
246 _aKavi paramparā: tulasī se trilochana
260 _aनयी दिल्ली
_b भारतीय ज्ञानपीठ
_c2013
300 _a261पृ.
_ccm.
490 _aलोकोदय ग्रन्थमाला; ग्रन्थांक 832
650 _aहिन्दी साहित्य
_9156264
942 _hO152,1xN, Q3
_cTEXL
_2CC
999 _c299380
_d299380